Gaming Quiz

Random Gaming or Pokémon Quiz

Pokemon Gym Leaders, Regions, and Elite Four Quiz Stats

 Plays Quiz not verified by Sporcle

Challenge
Share
Tweet
Embed
Score 0/50 Timer 10:00
0 Plays Today
% Correct
Fire
73.3%
Bugsy
73.1%
Ghost
73.1%
Brock
72.2%
Giovanni
71.4%
Grass
70.3%
Electric
69.7%
Psychic
69.4%
Flying
69.4%
Normal
69.2%
Sixteen
68.9%
Johto
68.3%
Hoenn
68.3%
Ice
67.5%
Clair
66.4%
Byron
65.3%
Ground
64.4%
Red
64.4%
Blue
62.8%
Fairy
61.7%
Two
61.1%
Caitlin
60.8%
Brycen
60.3%
Poison
59.4%
Bertha
58.9%
% Correct
Kanto
58.3%
Sinnoh
57.5%
Viola
57.5%
Steel
56.9%
Steel
56.7%
Three
55.3%
Kalos
55%
Bruno
54.4%
Fighting
52.5%
Poison
52.5%
Three
52.2%
Dragon
50.8%
Two
49.2%
Unova
47.5%
None
46.9%
One
46.9%
Lance
46.7%
One
45.8%
Water
42.5%
Three
40%
Koga
39.7%
Seven
37.5%
Poison
36.7%
Water
36.1%
Two
36.1%

You're not logged in!

Compare scores with friends on all Sporcle quizzes.
Join for Free
OR
Log In

You Might Also Like...

Show Comments

Extras

Top Quizzes Today


Score Distribution

Your Account Isn't Verified!

In order to create a playlist on Sporcle, you need to verify the email address you used during registration. Go to your Sporcle Settings to finish the process.

Report this User

Report this user for behavior that violates our Community Guidelines.

Details: